Europa Quizfragen #1 - Statistiken

Allgemein
  • Dieses Quiz wurde 706 mal gespielt
    643 seit der letzten Aktualisierung
  • Das Durchschnittsergebnis liegt bei 10 aus 15
Antwortstatistiken
Frage Atwort % Korrekt
Wie heißt die Hauptstadt von Deutschland? Berlin
100%
Aus welchem europäischen Land kommt Pizza? Italien
91%
Wie viele Länder grenzen an Deutschland? 9
90%
Ist Großbritannien Festland oder eine Insel Insel
90%
Wie heißt die umsatzstärkste Fast-Food-Kette in Europa? Mc Donalds
86%
Wie heißt das kleinste Land in Europa? Vatikanstadt
86%
Wie heißt die Hauptstadt von Ungarn? Budapest
81%
Wie viele Sterne hat die Europaflagge? 12
74%
Für welches herzhafte Gebäck ist Frankreich bekannt? Baguette
69%
Welche europäische Stadt hat die meisten Touristen? (2018) London
59%
Wie viele Amtssprachen hat Europa? 24
58%
Wie heißt das europäische Land mit dem höchsten Bruttoinlandsprodukt pro Kopf? Luxemburg
51%
Was ist das ärmste Land Europas? Bulgarien
33%
Wie heißt der höchste Berg Europas? (5.642 m) Elbrus
23%
Was ist die Hymne von Europa? Ode an die Freude
19%
Keine übereinstimmenden Quizze gefunden
Verteilung der Resultate
Anzahl Personen mit jedem Resultat
Perzentil nach korrekt beantworteten Fragen
Ihre Resultats-Entwicklung
Sie haben dieses Quiz seit der letzten Aktualisierung nicht gespielt